000 00539nam a22001937a 4500
005 20251108170453.0
008 250721s2003 xx 000 0 ara d
082 1 4 _a005.133/ناه
100 1 _aنائب، إبراهيم
245 1 0 _aأساسيات البرمجة بلغة c++ /
264 1 _aعمان :
_bدار وائل،
_c2003.
300 _a374ص
650 1 7 _aالحواسيب
650 1 7 _aلغات البرمجة
650 1 7 _aلغة سي
700 1 _aبرهان، محمد نور
942 _2ddc
_cBK
999 _c41287
_d41287